Clorinda / Robert Kinerk ; illustrated by Steven Kellogg.
Defying the odds, Clorinda the cow follows her dream of becoming a ballet dancer.
Record details
- ISBN: 0689864493
- Physical Description: 1 v. (unpaged) : color illustrations ; 28 cm.
- Publisher: New York : Simon & Schuster Books for Young Readers, c2003.
Content descriptions
| General Note: | "A Paula Wiseman Book." |
Search for related items by subject
| Subject: | Cows > Fiction. Ballet dancing > Fiction. Perseverance (Fiction) > Fiction. Stories in rhyme. |
| LDR | 01040nam a2200301 a 4500 | ||
|---|---|---|---|
| 001 | 130924 | ||
| 003 | CONS | ||
| 005 | 20140703073306.0 | ||
| 008 | 030311s2003 nyua b 000 1 eng | ||
| 010 | . | ‡a 2003004559 ‡z 2001004649 | |
| 020 | . | ‡a0689864493 | |
| 035 | . | ‡a(CPomAG)LMN501407 | |
| 042 | . | ‡alcac | |
| 050 | 0 | 0. | ‡aPZ8.3.K566 ‡bCl 2003 |
| 082 | 0 | 0. | ‡a[E] ‡221 |
| 100 | 1 | . | ‡aKinerk, Robert. |
| 245 | 1 | 0. | ‡aClorinda / ‡cRobert Kinerk ; illustrated by Steven Kellogg. |
| 260 | . | ‡aNew York : ‡bSimon & Schuster Books for Young Readers, ‡cc2003. | |
| 300 | . | ‡a1 v. (unpaged) : ‡bcolor illustrations ; ‡c28 cm. | |
| 500 | . | ‡a"A Paula Wiseman Book." | |
| 520 | . | ‡aDefying the odds, Clorinda the cow follows her dream of becoming a ballet dancer. | |
| 650 | 1. | ‡aCows ‡vFiction. | |
| 650 | 1. | ‡aBallet dancing ‡vFiction. | |
| 650 | 1. | ‡aPerseverance (Fiction) ‡vFiction. | |
| 650 | 1. | ‡aStories in rhyme. | |
| 700 | 1 | . | ‡aKellogg, Steven. |
| 959 | . | ‡i32269000820509 ‡lE Kin ‡aJuvenile - Easy ‡tEasy ‡g19.00 | |
| 852 | . | ‡p32269000820509 ‡jE Kin ‡gJuvenile - Easy ‡cEasy ‡y19.00 ‡bSBPL | |
| 901 | . | ‡a130924 ‡bUnknown ‡c130924 ‡tbiblio | |